| 000 | 00430nam a2200169Ia 4500 | ||
|---|---|---|---|
| 003 | 0STCL | ||
| 008 | 150530s9999 xx 000 0 und d | ||
| 040 |
_aSTCL _cSTCL |
||
| 100 | _aMekki Mtewa; Editor | ||
| 245 | _aInternational development and alternative futures; the comming challenges | ||
| 250 | _aFourth | ||
| 260 |
_bAllied _c1990 |
||
| 546 | _aEnglish | ||
| 942 |
_2ddc _cBK |
||
| 999 |
_c10603 _d10603 |
||
| 005 | 20220125165550.0 | ||